00575nam a22002058a 4500020001500000040000800015082002600023245007800049260007600127300001000203490002300213650001400236650001900250650001400269650001400283650001400297650001500311650002200326700002100348 a0896291111 cDLC00a305 IFI 1998 C151 Or.00aGender equality and investments in adolescents in the rural Philippines / aWashington, D.C. :bInternational Food Policy Research Institute,c1998 ap. cm1 aResearch reports ; 0aTeenagers 0aRural families 0aTeenagers 0aTeenagers 0aEducation 0aRural poor 0aHousehold surveys1 aBouis, Howarth E